| Tag |
First Indicator |
Second Indicator |
Subfields |
| LEADER |
00000cam a2200000 a 4500 |
| 001 |
in00000027992 |
| 005 |
20151007054704.0 |
| 008 |
870311s1987 enka b 00110 eng |
| 010 |
|
|
|a 87008013
|
| 020 |
|
|
|a 0521331374
|
| 020 |
|
|
|a 0521337399 (pbk.)
|
| 035 |
|
|
|a (OCoLC)15429358
|
| 035 |
|
|
|9 AAB5943AM
|
| 040 |
|
|
|a DLC
|c DLC
|d TXA
|d UtOrBLW
|
| 049 |
|
|
|a TXAM
|c [A11503254]
|
| 050 |
0 |
0 |
|a T59.7
|b .S83 1987
|
| 082 |
0 |
|
|a 128/.4
|2 19
|
| 100 |
1 |
|
|a Suchman, Lucille Alice.
|
| 245 |
1 |
0 |
|a Plans and situated actions :
|b the problem of human-machine communication /
|c Lucy A. Suchman.
|
| 264 |
|
1 |
|a Cambridge [Cambridgeshire] ;
|a New York :
|b Cambridge University Press,
|c 1987.
|
| 300 |
|
|
|a xii, 203 pages :
|b illustrations ;
|c 22 cm.
|
| 336 |
|
|
|a text
|b txt
|2 rdacontent
|
| 337 |
|
|
|a unmediated
|b n
|2 rdamedia
|
| 338 |
|
|
|a volume
|b nc
|2 rdacarrier
|
| 504 |
|
|
|a Bibliography: pages 190-197.
|
| 500 |
|
|
|a Includes indexes.
|
| 650 |
|
0 |
|a Human-machine systems.
|
| 650 |
|
0 |
|a Cognition and culture.
|
| 650 |
|
0 |
|a Ethnophilosophy.
|
| 999 |
|
|
|a MARS
|
| 999 |
f |
f |
|s 3fee82bd-5833-316f-bbdc-968026d71169
|i 9effdbb9-ada2-373a-98c8-b96e2d02b086
|t 0
|
| 952 |
f |
f |
|p normal
|a Texas A&M University
|b College Station
|c Sterling C. Evans Library
|d Evans: Library Stacks
|t 0
|e T59.7 .S83 1987
|h Library of Congress classification
|i unmediated -- volume
|m A14811503254
|
| 998 |
f |
f |
|a T59.7 .S83 1987
|t 0
|l Evans: Library Stacks
|